Currencies - Statistics

General Stats
  • This quiz has been taken 4 times
  • The average score is 18 of 78
Answer Stats
Hint Answer % Correct
What is the currency of Afghanistan? Afghani
75%
What is the currency of Thailand? Baht
50%
What is the currency of Venezuela? Bolívar
50%
What is the currency of Andorra, Austria, Belgium, Bulgaria, Croatia, Cyprus, Estonia, Finland, France, Germany, Greece, Ireland, Italy, Kosovo, Latvia, Lithuania, Luxembourg, Malta, Monaco, Montenegro, Portugal, San Marino, Slovakia, Slovenia, Spain, The Netherlands and Vatican City? Euro
50%
What is the currency of Bolivia? Boliviano
25%
What is the currency of Ghana? Cedi
25%
What is the currency of Costa Rica? Colón
25%
What is the currency of Bosnia and Herzegovina? Convertible mark
25%
What is the currency of Nicaragua? Córdoba
25%
What is the currency of North Macedonia? Denar
25%
What is the currency of Algeria, Bahrain, Iraq, Jordan, Kuwait, Libya, Serbia and Tunisia? Dinar
25%
What is the currency of Morocco and United Arab Emirates? Dirham
25%
What is the currency of São Tomé and Príncipe? Dobra
25%
What is the currency of Antigua and Barbuda, Australia, Barbados, Belize, Brunei, Canada, Dominica, East Timor, Ecuador, El Salvador, Fiji, Grenada, Guyana, Jamaica, Kiribati, Liberia, Marshall Islands, Federal States of the Micronesia, Namibia, Nauru, New Zealand, Palau, Saint Kitts and the Nevis, Saint Lucia, Saint Vincent and the Grenadines, Singapore, Solomon Islands, Suriname, The Bahamas, Trinidad and Tobago, Tuvalu and United States? Dollar
25%
What is the currency of Armenia? Dram
25%
What is the currency of Cape Verde? Escudo
25%
What is the currency of Hungary? Forint
25%
What is the currency of Benin, Burkina Faso, Burundi, Cameroon, Central African Republic, Chad, Comoros, Democratic Republic of the Congo, Djibouti, Equatorial Guinea, Gabon, Guinea, Guinea-Bissau, Ivory Coast, Liechtenstein, Mali, Niger, Rwanda, Republic of the Congo, Senegal, Switzerland and Togo? Franc
25%
What is the currency of Haiti? Gourde
25%
What is the currency of Paraguay? Guaraní
25%
What is the currency of Ukraine? Hryvnia
25%
What is the currency of Papua New Guinea? Kina
25%
What is the currency of Laos? Kip
25%
What is the currency of Czech Republic? Koruna
25%
What is the currency of Denmark and Norway? Krone
25%
What is the currency of Malawi and Zambia? Kwacha
25%
What is the currency of Angola? Kwanza
25%
What is the currency of Myanmar? Kyat
25%
What is the currency of Georgia? Lari
25%
What is the currency of Albania? Lek
25%
What is the currency of Honduras? Lempira
25%
What is the currency of Sierra Leone? Leone
25%
What is the currency of Moldova and Romania? Leu
25%
What is the currency of Turkey? Lira
25%
What is the currency of Azerbaijan and Turkmenistan? Manat
25%
What is the currency of Mozambique? Metical
25%
What is the currency of Nigeria? Naira
25%
What is the currency of Eritrea? Nakfa
25%
What is the currency of Mauritania? Ouguiya
25%
What is the currency of Argentina, Chile, Colombia, Cuba, Dominican Republic, Mexico, Philippines and Uruguay? Peso
25%
What is the currency of Egypt, Lebanon, South Sudan, Sudan, Syria and United Kingdom? Pound
25%
What is the currency of Botswana? Pula
25%
What is the currency of Guatemala? Quetzal
25%
What is the currency of South Africa? Rand
25%
What is the currency of Brazil? Real
25%
What is the currency of Iran, Oman and Yemen? Rial
25%
What is the currency of Cambodia? Riel
25%
What is the currency of Malaysia? Ringgit
25%
What is the currency of Belarus and Russia? Ruble
25%
What is the currency of Maldives? Rufiyaa
25%
What is the currency of Bhutan, India, Mauritius, Nepal, Pakistan, Seychelles, Sri Lanka? Rupee
25%
What is the currency of Indonesia? Rupiah
25%
What is the currency of Israel? Shekel
25%
What is the currency of Kenya, Somalia, Tanzania and Uganda? Shilling
25%
What is the currency of Peru? Sol
25%
What is the currency of Kyrgyzstan? Som
25%
What is the currency of Tajikistan? Somoni
25%
What is the currency of Bangladesh? Taka
25%
What is the currency of Samoa? Tālā
25%
What is the currency of Kazakhstan? Tenge
25%
What is the currency of Mongolia? Tögrög
25%
What is the currency of Vanuatu? Vatu
25%
What is the currency of North Korea and South Korea? Won
25%
What is the currency of Japan? Yen
25%
What is the currency of Poland? Złoty
25%
What is the currency of Madagascar? Ariary
0%
What is the currency of Panama? Balboa and dollar
0%
What is the currency of Ethiopia? Barr
0%
What is the currency of The Gambia? Dalasi
0%
What is the currency of Vietnam? Đồng
0%
What is the currency of Zimbabwe? Gold
0%
What is the currency of Iceland and Sweden? Krona (Króna in Iceland)
0%
What is the currency of Eswatini? Lilangeni and Rand
0%
What is the currency of Lesotho? Loti and Rand
0%
What is the currency of Tonga? Pa'anga
0%
What is the currency of China? Renminbi (Yuan)
0%
What is the currency of Qatar and Saudi Arabia? Ryial
0%
What is the currency of Uzbekistan? Sum
0%
No matching quizzes found
Score Distribution
Percent of People with Each Score
Percentile by Number Answered
Your Score History
You have not taken this quiz